La democracia en América Latina : Partidos políticos y movimientos sociales /
Saved in:
| Format: | Book |
|---|---|
| Published: |
Rosario :
Homo Sapiens,
2008.
|
| Edition: | 1a ed. |
| LEADER | 00464nam a22001217a 4500 | ||
|---|---|---|---|
| 003 | AR-BeUNQ | ||
| 005 | 20240715155921.0 | ||
| 999 | |c 38849 |d 122649 | ||
| 245 | |a La democracia en América Latina : |b Partidos políticos y movimientos sociales / |c Arturo Fernández, Cecilia Lesgard (compiladores) | ||
| 250 | |a 1a ed. | ||
| 260 | |a Rosario : |b Homo Sapiens, |c 2008. | ||
| 929 | |a DONACION |b Dirección de Evaluación y Concursos |e 20240531 |f PAT0081729 |g 3748 |l Caja 21 carga mínima |o PR | ||
| 942 | |c LIB | ||